تفسير الخازن [Tafsīr al-Khāzin] (Record no. 77795)
[ view plain ]
| 000 -LEADER | |
|---|---|
| fixed length control field | 00982nam a2200229 a 4500 |
| 001 - CONTROL NUMBER | |
| control field | 77795 |
| 003 - CONTROL NUMBER IDENTIFIER | |
| rucl marc code | BD-RjUL |
| 005 - DATE AND TIME OF LATEST TRANSACTION | |
| control field | 20221205102206.0 |
| 008 - FIXED-LENGTH DATA ELEMENTS--GENERAL INFORMATION | |
| fixed length control field | 210117s2002 lh ||||| |||| 00| 0 ar d |
| 035 ## - SYSTEM CONTROL NUMBER | |
| System control number | (BD-RjUL)78021 |
| 040 ## - CATALOGING SOURCE | |
| Original cataloging agency | BD-RjUL |
| Language of cataloging | eng |
| Transcribing agency | BD-RjUL |
| Modifying agency | BD-RjUL |
| 041 ## - LANGUAGE CODE | |
| Language code of text/sound track or separate title | ara |
| 082 ## - DEWEY DECIMAL CLASSIFICATION NUMBER | |
| Edition number | 23 |
| Classification number | 297.1226 |
| Author mark and year | TAF 2002 |
| 100 ## - MAIN ENTRY--PERSONAL NAME | |
| Relator code | خازن البغدادي، علي بن محمد. إعداد سناء محمود عبد الله عابد.ʻAlī ibn Muḥammad Khāzin al-Baghdādī; Sanāʼ bint Maḥmūd ʻAbd Allāh ʻĀbid |
| 245 ## - TITLE STATEMENT | |
| Title | تفسير الخازن [Tafsīr al-Khāzin] |
| Statement of responsibility, etc. | علي بن محمد خازن البغداد. Alī ibn Muḥammad Khāzin al-Baghdādī; Sanāʼ bint Maḥmūd ʻAbd Allāh ʻĀbid |
| 260 ## - PUBLICATION, DISTRIBUTION, ETC. (IMPRINT) | |
| Place of publication, distribution, etc. | Pakistan : |
| Name of publisher, distributor, etc. | Al-maktubatur Rashidia , |
| Date of publication, distribution, etc. | [2002] ? |
| 300 ## - PHYSICAL DESCRIPTION | |
| Pagination | v. 1-4 ; |
| Size | 28 cm |
| 500 ## - GENERAL NOTE | |
| General note | Includes Index |
| 505 ## - FORMATTED CONTENTS NOTE | |
| Formatted contents note | Vol. 1.--v.2.--v.3--v.4.-- |
| 650 ## - SUBJECT ADDED ENTRY--TOPICAL TERM | |
| Topical term or geographic name as entry element | Qurʼan |
| Form subdivision | Commentaries |
| 9 (RLIN) | 243643 |
| General subdivision | Early works to 1800. |
| 942 ## - ADDED ENTRY ELEMENTS (KOHA) | |
| Source of classification or shelving scheme | Dewey Decimal Classification |
| Koha item type | Books |
| Lost status | Source of classification or shelving scheme | Damaged status | Not for loan | Collection code | Permanent Location | Current Location | Shelving location | Date acquired | Source of acquisition | Cost, normal purchase price | Total Checkouts | Full call number | Date last seen | Copy number | Koha item type |
|---|---|---|---|---|---|---|---|---|---|---|---|---|---|---|---|
| Dewey Decimal Classification | Not For Loan | Non-fiction | Central Library, University of Rajshahi | Central Library, University of Rajshahi | Reading Room | 15/06/1996 | Sawdia kutub khanah , Dhaka | 1550.00 | A 297.1226 KHT V-1 2002 | 20/01/2021 | C-1 | Books | |||
| Dewey Decimal Classification | Not For Loan | Non-fiction | Central Library, University of Rajshahi | Central Library, University of Rajshahi | Reading Room | 15/06/1996 | Sawdia kutub khanah , Dhaka | 1550.00 | A 297.1226 KHT V-2 2002 | 20/01/2021 | C-1 | Books | |||
| Dewey Decimal Classification | Not For Loan | Non-fiction | Central Library, University of Rajshahi | Central Library, University of Rajshahi | Reading Room | 15/06/1996 | Sawdia kutub khanah , Dhaka | 1550.00 | A 297.1226 KHT V-3 2002 | 20/01/2021 | C-1 | Books | |||
| Dewey Decimal Classification | Not For Loan | Non-fiction | Central Library, University of Rajshahi | Central Library, University of Rajshahi | Reading Room | 15/06/1996 | Sawdia kutub khanah , Dhaka | 1550.00 | A 297.1226 KHT V-4 2002 | 20/01/2021 | C-1 | Books | |||
| Dewey Decimal Classification | Not For Loan | Non-fiction | Central Library, University of Rajshahi | Central Library, University of Rajshahi | Reading Room | 09/11/2022 | A 297.1226 KHT V.4-5 1962 | 09/11/2022 | C-1 | Books | |||||
| Dewey Decimal Classification | Not For Loan | Non-fiction | Central Library, University of Rajshahi | Central Library, University of Rajshahi | Reading Room | 20/12/1980 | Abdus Salam | A 297.1226 KHT V.4-5 2002 | 05/12/2022 | C-1 | Books | ||||
| Dewey Decimal Classification | Not For Loan | Non-fiction | Central Library, University of Rajshahi | Central Library, University of Rajshahi | Reading Room | 20/12/1980 | Abdus Salam | A 297.1226 KHT V.6-7 2002 | 05/12/2022 | C-1 | Books | ||||
| Dewey Decimal Classification | Not For Loan | Non-fiction | Central Library, University of Rajshahi | Central Library, University of Rajshahi | Reading Room | 13/12/2022 | A 297.1226 TAF V- 6 2002 | 13/12/2022 | C-1 | Books |